000 00264 a2200085 4500
100 1 _aFortusenko, A. D..
_eAutor
245 0 _aSputnikovaja svjaz' v desjatoj pjatiletke /
_cFortusenko A. D..
710 2 _aZnanie.
_eWydawca
_4pbl
260 _aMoskva :
_bZnanie,
_c1979.
300 _a63 s.;
_c25 cm.
999 _c5291
_d5291